000 01106nam a2200301Ia 4500
001 Para_583
003 CHAP
008 220125s1993 xx 000 0 und d
010 _a199343
040 _cCHAP
090 _aPA TESIS 657
100 _aArcos Rojas, Claudio Pascasio
_9164619
245 _aEfecto Residual de seis acaricidas contra el arador de los cítricos Phyllocoptruta oleivora Ashmead (Prostigmata :
_b Eriophudae) en el ejido de Plan de limón de Martínez de la Torres, Ver. /
_c por Claudio Pascasio Arcos Rojas
260 _aChapingo, Méx. :
_b el autor
300 _a63 h.
502 _aTesis (Ing. Agr. Esp. en Parasitología Agrícola) -- UACh. Departamento Parasitología Agrícola
650 _aAcaricidas
_x toxicidad
_9407
650 _aArador de la naranja
_96416
650 _aCitricos
_x plagas
_924458
710 _aUACh. Departamento Parasitología Agrícola
_9164025
901 _aPA TESIS 657
902 _aA
905 _a0000001993 0000000000 00
910 _a1993
942 _cPARA
942 _cPARA
_d1
999 _c199343
_d199343